| 000 | 00442nam a2200181Ia 4500 | ||
|---|---|---|---|
| 001 | 9995 | ||
| 003 | IN-NITTTR | ||
| 005 | 20251114233053.0 | ||
| 008 | 251113s9999||||xx |||||||||||||| ||eng|| | ||
| 040 | _beng | ||
| 040 | _cIN-NITTTR | ||
| 041 | _aeng | ||
| 082 | _a621.67 C473C | ||
| 100 | _aChurch, Austin H. | ||
| 245 | 0 |
_aCentrifugal pumps and blowers / _cChurch, Austin H., Lal, Jagdish |
|
| 700 | _a Lal, Jagdish | ||
| 942 |
_2ddc _cBK |
||
| 999 |
_c12632 _d12632 |
||